书目信息 |
| 题名: |
中国盗墓史
|
|
| 作者: | 倪方六 著 | |
| 分册: | 古代人物卷 | |
| 出版信息: | 北京 中国国际广播出版社 2019 |
|
| 页数: | 435页 | |
| 开本: | 24cm | |
| 丛书名: | ||
| 单 册: | ||
| 中图分类: | D691.98 , K828.9=2 | |
| 科图分类: | ||
| 主题词: | 盗窃--陵墓--历史--中国 , 盗窃--陵墓--人物--列传--中国--古代 | |
| 电子资源: | ||
| ISBN: | 978-7-5078-4219-7 | |
| 000 | 00915nam0 2200265 450 | |
| 001 | 012001003806 | |
| 005 | 20140114134344.0 | |
| 010 | @a978-7-5078-4219-7@dCNY78.00 | |
| 100 | @a20190406d2019 em y0chiy50 ea | |
| 101 | 0 | @achi |
| 102 | @aCN@b110000 | |
| 105 | @aa z 000yd | |
| 106 | @ar | |
| 200 | 1 | @a中国盗墓史@Azhong guo dao mu shi@i古代人物卷@f倪方六著 |
| 210 | @a北京@c中国国际广播出版社@d2019 | |
| 215 | @a435页@c图@d24cm | |
| 300 | @a倪方六·盗墓通史系列 | |
| 330 | @a本书分为帝、王、臣、儒、兵、匪、僧、宦、民九大部分,以人为线,将中国两三千年盗墓史上的重大盗墓者22人,各个朝代、各个阶层、各种动机的代表性盗墓现象,采取讲故事的方式逐一展开。 | |
| 606 | 0 | @a盗窃@x陵墓@x历史@y中国 |
| 606 | 0 | @a盗窃@x陵墓@x人物@x列传@y中国@z古代 |
| 690 | @aD691.98@v5 | |
| 690 | @aK828.9=2@v5 | |
| 701 | 0 | @a倪方六@Ani fang liu@4著 |
| 801 | @b江苏凤凰@c20191020 | |
| 905 | @b1237099-104@dD691.98@e292@f6 | |
| 中国盗墓史.古代人物卷/倪方六著.-北京:中国国际广播出版社,2019 |
| 435页:图;24cm |
| 倪方六·盗墓通史系列 |
| ISBN 978-7-5078-4219-7:CNY78.00 |
| 本书分为帝、王、臣、儒、兵、匪、僧、宦、民九大部分,以人为线,将中国两三千年盗墓史上的重大盗墓者22人,各个朝代、各个阶层、各种动机的代表性盗墓现象,采取讲故事的方式逐一展开。 |
| ● |
| 相关链接 |
|
|
|
|
正题名:中国盗墓史
索取号:D691.98/292
 
预约/预借
| 序号 | 登录号 | 条形码 | 馆藏地/架位号 | 状态 | 备注 |
| 1 | 1237099 | 212370995 | 第一样本阅览室/ [索取号:D691.98/292] | 在馆 | |
| 2 | 1237100 | 212371002 | 教育系资料室/ [索取号:D691.98/292] | 在馆 | |
| 3 | 1237101 | 212371011 | 教育系资料室/ [索取号:D691.98/292] | 在馆 | |
| 4 | 1237102 | 212371020 | 第一借阅区/ [索取号:D691.98/292] | 在馆 | |
| 5 | 1237103 | 212371039 | 第一借阅区/ [索取号:D691.98/292] | 在馆 | |
| 6 | 1237104 | 212371048 | 第一借阅区/ [索取号:D691.98/292] | 在馆 |